Monitorovanie stavu výrobného procesu s využitím Edge Computing pre potreby prediktívnej údržby
Salvato in:
| Autore principale: | |
|---|---|
| Altri autori: | |
| Natura: | Manoscritto Libro |
| Lingua: | slovacco |
| Pubblicazione: |
2025
|
| Soggetti: | |
| Accesso online: | http://is.stuba.sk/zp/portal_zp.pl?podrobnosti=171720 |
| Tags: |
Nessun Tag, puoi essere il primo ad aggiungerne!!
|
MARC
| LEADER | 00000ntm a22000003a 4500 | ||
|---|---|---|---|
| 001 | stuzp86656 | ||
| 003 | SK-STU | ||
| 005 | 20251129210316.8 | ||
| 007 | ta | ||
| 008 | 150427s2015----xo-----f-mn---000-0-slo-d | ||
| 040 | |a STU |b slo | ||
| 041 | 0 | |a slo | |
| 100 | 1 | |a Halenárová, Lenka |u 066000 |4 aut |U MTF Materiálovotechnologická fakulta |T MTF Ústav aplikovanej informatiky, automatizácie a mechatroniky |X 31644 |U M6000 |Y 86 |7 A000031644 | |
| 242 | 0 | 1 | |a Production process condition monitoring using Edge Computing for predictive maintenance |y eng |
| 245 | 1 | 0 | |a Monitorovanie stavu výrobného procesu s využitím Edge Computing pre potreby prediktívnej údržby |
| 260 | |c 2025 | ||
| 650 | 4 | |a diagnostika |2 slo | |
| 650 | 4 | |a Edge Computing |2 slo | |
| 650 | 4 | |a monitorovanie |2 slo | |
| 650 | 4 | |a zber dát |2 slo | |
| 650 | 4 | |a trigger |2 slo | |
| 650 | 4 | |a Industry 4.0 |2 slo | |
| 650 | 4 | |a Industry 4.0 |2 eng | |
| 650 | 4 | |a monitoring |2 eng | |
| 650 | 4 | |a diagnostic |2 eng | |
| 650 | 4 | |a Edge Computing |2 eng | |
| 650 | 4 | |a data collection |2 eng | |
| 650 | 4 | |a trigger |2 eng | |
| 700 | 1 | |a Tanuška, Pavol |u 066000 |k Z1 |4 ths |U MTF Materiálovotechnologická fakulta |T MTF Ústav aplikovanej informatiky, automatizácie a mechatroniky |X 248 |U M6000 |Y 86 |7 A000000248 | |
| 856 | 4 | |u http://is.stuba.sk/zp/portal_zp.pl?podrobnosti=171720 | |